| 000 | 00478nam a2200157 a 4500 | ||
|---|---|---|---|
| 001 | 3980 | ||
| 005 | 20140414131928.0 | ||
| 008 | 040721s19uu xx 00 eng d | ||
| 020 | _a0-7097-1442-4 | ||
| 050 |
_aM 398.2 _bT71 2002 |
||
| 245 |
_aTreasury of stories / _cstories by Maureen Spurgeon ; illustrated by Jane Swift and Stephen Holmes. |
||
| 260 |
_aEngland : _bBrown and Watson, _c2002. |
||
| 300 | _a96 p. : ill. ; cm. | ||
| 650 | _aChildren stories. | ||
| 999 |
_c112159 _d112159 |
||